Vista normal
Vista MARC
Entrada Materia (personas)
Número de registros utilizados en: 1
001 - CONTROL NUMBER
- control field: 84954
003 - CONTROL NUMBER IDENTIFIER
- control field: Co-BoUCM
005 - DATE AND TIME OF LATEST TRANSACTION
- control field: 20170331075144.0
008 - FIXED-LENGTH DATA ELEMENTS
- fixed length control field: 170331|| aca||aabn | a|a d
040 ## - CATALOGING SOURCE
- Original cataloging agency: Co-BoUCM
- Transcribing agency: Co-BoUCM
100 ## - HEADING--PERSONAL NAME
- Personal name: Marasso Rocca, Arturo
- Dates associated with a name: 1890-1970
670 ## - SOURCE DATA FOUND
- Source citation: Work cat.: (Co-BoUCM)78637: Marasso Rocca, Arturo 1890-1970, Cervantes, 1954